000 00619nam a2200229Ia 4500
003 OSt
005 20220924115254.0
006 a|||||r|||| 00| 0
007 ta
008 220923b |||||||| |||| 00| 0 urd d
024 _a314638
037 _cTextual
040 _aARTS
_cARTS
_burd
041 _2urd
_aurd
082 _aO168,1N24x, M3
100 _aPratabgarhi Nazish
_9177506
245 0 _aNaghma-e-Sarrmadi
260 _aDelhi
_bAnjuman Taraqqi Urdu India
_c1983
650 _aURDU POETRY
942 _hO168,1N24x, M3
_cTEXL
_2CC
999 _c397555
_d397555